ბათუმის შოთა რუსთაველის სახელმწიფო უნივერსიტეტის ბიბლიოთეკა

ეკოლოგია და დღევანდელობა=ECOLOGY AND THE PRESENT DAY / (ბიბ.ჩანაწერი № 50672)

000 -ლიდერი
ფიქსირებული სიგრძის საკონტროლო ველი 01919nam a2200277Ia 4500
001 - საკონტროლო ნომერი
საკონტროლო ველი 17623
003 - საკონტროლო ნომრის იდენტიფიკატორი
საკონტროლო ველი GE_BSU
005 - ბოლო ოპერაციის თარიღი და დრო
საკონტროლო ველი 20200220144607.0
008 - ფიქსირებული სიგრძის მონაცემთა ელემენტები - ზოგადი ინფორმაცია
ფიქსირებული სიგრძის საკონტროლო ველი 181216s2015 xx |||||||||||||| ||geo||
040 ## - კატალოგიზაციის წყარო
Transcribing agency GE_BSU
041 ## - ენის კოდი
Language code of text/sound track or separate title geo
080 ## - უნივერსალური ათობითი კლასიფიკაციის ინდექსი
Universal Decimal Classification number 574(075) ქ-34
100 ## - მთავარი ჩანაწერი - პიროვნების სახელი
Personal name ქაჯაია,გია.
9 (RLIN) 7248
245 ## - ცნობა სათაურის შესახებ
Title ეკოლოგია და დღევანდელობა=ECOLOGY AND THE PRESENT DAY /
Statement of responsibility, etc გია. ქაჯაია ; რედ : ირაკლი ელიავა ;გიორგი ნახუცრიშვილი.
264 ## - წარმოების, გამოცემის, დისტრიბუციის და სხვა ცნობები
გამოცემის, წარმოების, დისტრიბუციის... ადგილი თბილისი,
გამოცემის, წარმოების, დისტრიბუციის... თარიღი 2015.
300 ## - ფიზიკური აღწერა
Extent 206 გვ.:
Other physical details ილ;
Dimensions 24 სმ,
504 ## - BIBLIOGRAPHY, ETC. NOTE
Bibliography, etc ბიბლიოგრ.: გვ. 187-193
520 ## - SUMMARY, ETC.
Summary, etc ილიას სახელმწიფო უნ-ტის ზოოლოგიის ინ-ტი,იუნესკოს საერთაშორისო პროგრამის ,,ადამიანი და ბიოსფერო"საქართველოს ეროვნული კომიტეტი.
653 ## - INDEX TERM--UNCONTROLLED
Uncontrolled term ბიოლოგია
653 ## - INDEX TERM--UNCONTROLLED
Uncontrolled term ეკოლოგია
653 ## - INDEX TERM--UNCONTROLLED
Uncontrolled term ეკოლოგია და დღევანდელობა
653 ## - INDEX TERM--UNCONTROLLED
Uncontrolled term წიგნში აღწერილია ბიოსფეროს უარტოფითი ცვლილება ბოლო საუკუნის განმავლობაში,გაშუქებულია ანთროპოგენური ეკოლოგიური ფაქტორის წარმოშობისა და განვითარების პირობები
700 ## - ADDED ENTRY--PERSONAL NAME
Personal name ელიავა, ირაკლი
Relator term რედაქტორი
9 (RLIN) 7249
700 ## - ADDED ENTRY--PERSONAL NAME
Personal name ნახუცრიშვილი, ,გიორგი
Relator term რედაქტორი
9 (RLIN) 7250
942 ## - ADDED ENTRY ELEMENTS (KOHA)
Koha item type წიგნი
Source of classification or shelving scheme
ეგზემპლარები
ჩამოწერის სტატუსი დაკარგული ეგზემპლარის სტატუსი კლასიფიკაციის წყარო ან თაროზე გაწყობის სქემა დაზიანების სტატუსი არ გაიცემა მუდმივი მდებარეობა (დაცვის ადგილი) ამჟამინდელი ადგილსამყოფელი თაროზე განთავსების ადგილი შეძენის თარიღი სრული შენახვის შიფრი შტრიხკოდი ბოლო ოპერაციის თარიღი ეგზემპლარის მიმდევრობითი ნომერი (კეტერი?) ფასის ძალაში შესვლის თარიღი ეგზემპლარის სახეობა
          ბათუმის შოთა რუსთაველის სახელმწიფო უნივერსიტეტის მთავარი ბიბლიოთეკა ბათუმის შოთა რუსთაველის სახელმწიფო უნივერსიტეტის მთავარი ბიბლიოთეკა წიგნსაცავი 2018-12-17 574(075) ქ-34 45619 2018-12-17 45619 2018-12-17 წიგნი